00727nam a2200181 4500003000900000020001800009040002800027082001800055100003500073245006300108260005000171300002800221490009000249500009300339650002400432650003700456650005200493CO-ViMGA a9789585435544 aCO-ViMGAbspacCO-ViMGA04a928.61 bG17A1 aAlzate, José Miguel, d1954-10aPara conocer a García Márquez / cJosé Miguel Alzate aIbagué : bCaza de libros ; Fundaproempresa a188 páginas ; b20 cm aPlan Nacional de Lectura y Escritura Leer es mi cuento / Ministerio de Cultura : Azul aRecomendado para un público mayor de 15 años \ Incluye datos biográficos del autor14aEnsayos Colombianos14aEscritores Colombianos - Ensayos14aGarcia Marquez, Gabriel, Biografiasy1928-2014